A TEXTBOOK OF COMPUTER NETWORKS (Record no. 8723)

MARC details
000 -LEADER
fixed length control field 00435nam a22001577a 4500
005 - DATE AND TIME OF LATEST TRANSACTION
control field 20241024151147.0
008 - FIXED-LENGTH DATA ELEMENTS--GENERAL INFORMATION
fixed length control field 241024b |||||||| |||| 00| 0 eng d
020 ## - INTERNATIONAL STANDARD BOOK NUMBER
ISBN 978-93-953311-7-3
041 ## - LANGUAGE CODE
Language code of text/sound track or separate title eng
100 ## - MAIN ENTRY--AUTHOR NAME
Personal name BHARTI, DR. RAJENDRA KUMAR AND OTHERS
245 ## - TITLE STATEMENT
Title A TEXTBOOK OF COMPUTER NETWORKS
260 ## - PUBLICATION, DISTRIBUTION, ETC. (IMPRINT)
Place of publication SARAVANAMPATTI COIMBATORE
Name of publisher R.K. PUBLISHERS
Year of publication 2022
300 ## - PHYSICAL DESCRIPTION
Number of Pages 286;P
650 ## - SUBJECT ADDED ENTRY--TOPICAL TERM
Topical Term COMPUTER
942 ## - ADDED ENTRY ELEMENTS (KOHA)
Koha item type Books
Holdings
Lost status Damaged status Collection code Home library Current library Shelving location Date acquired Source of acquisition Accession Number Koha item type
    CS/IT JRU Library JRU Library NEW ARRIVAL SHELF 24/10/2024 DONATION 0050/D Books
    CS/IT JRU Library JRU Library NEW ARRIVAL SHELF 24/10/2024 DONATION 0051/D Books